The Annals of the Cakchiquels. The originals text, with a translation, notes and introduction

Сохранить в:
Библиографические подробности
Главный автор: Brington, Daniel G (Автор)
Формат:
Язык:английский
Опубликовано: Filadelfia American Ethnology 1885
Серии:Library of Aboriginal American literature VI
Предметы:
Метки: Добавить метку
Нет меток, Требуется 1-ая метка записи!

MARC

LEADER 00000nam a2200000 a 4500
001 UCG5645
003 CL-VaPUC
008 110310e18850000US |||||||||||||||||eng|d
082 0 4 |a 390.08  |b BRI  |2 21 
100 0 |a Brington, Daniel G  |e author  |9 555355 
245 1 4 |a The Annals of the Cakchiquels. The originals text, with a translation, notes and introduction 
300 |a 234 p 
942 |c BK 
945 |d 20110310 00:00:00  |a jcampos 
260 |a Filadelfia  |b American Ethnology  |c 1885 
650 7 |a LITERATURA INDIGENA AMERICANA  |2 CL-VaPUC  |9 267591 
650 7 |a INDIOS QUICHES  |2 CL-VaPUC  |9 321141 
650 0 |a Mitología   |9 255719 
583 |a last modification  |c 20110310 00:00:00  |k Rodrigo Vera 
490 0 |a Library of Aboriginal American literature VI 
999 |c 344048  |d 344046 
952 |0 0  |1 0  |4 0  |6 390_080000000000000_BRI_1885  |7 0  |8 X  |9 441815  |a FDOBUD  |b FDOBUD  |d 2019-11-22  |i 4749030  |o 390.08 BRI 1885  |p 4749030  |r 2019-11-22  |w 2019-11-22  |y BK_X  |k BUD